20 joueurs de Chelsea par images - Statistiques

Statistiques générales
  • Ce quiz a été pris 157 fois
  • Le résultat moyen est 16 sur 20
Statistiques - réponses
Par images Réponse % Correct
Eden Hazard
99%
N'Golo Kanté
99%
Frank Lampard
96%
Petr Čech
96%
Cole Palmer
94%
João Félix
93%
Mohamed Salah
93%
Álvaro Morata
91%
John Terry
90%
Michael Essien
87%
Jorginho
82%
Reece James
81%
Oscar
80%
Moisés Caicedo
73%
Frank Lebœuf
72%
Ruud Gullit
69%
Andreï Chevtchenko
66%
William Gallas
57%
Gianfranco Zola
45%
Denis Zakaria
36%
Aucun quiz correspondant
Distribution des résultats
% des personnes avec chaque résultat
Percentile par nombre de réponses
Votre historique - résultats
Vous n’avez pas pris ce quiz